Kongregace sester Těšitelek Božského Srdce Ježíšova

Korporativní autor: Těšitelky
Jazyk: Čeština
Vydáno: Rajhrad : Kongregace sester Těšitelek BSJ, [2011?]
Témata:
Fyzický popis: 30 s. : il. (převážně barev.), portréty, 1 erb ; 21 cm
Knihy
Uloženo v:
LEADER 02538nam a2200649 a 4500
001 nkc20112201774
003 CZ PrNK
005 20110902083716.0
007 ta
008 110720s2011 xr aci e f 000 0dcze
015 |a cnb002201774 
020 |a 978-80-260-0313-7  |q (v knize neuvedeno :  |q brož.) 
035 |a (OCoLC)746838150 
040 |a ABA001  |b cze 
045 |a x-y- 
072 7 |a 27-78  |x Křesťanská sdružení, spolky a organizace. Řeholní řády  |2 Konspekt  |9 5 
080 |a 27-789.6-055.2  |2 MRF 
080 |a 27-788-1/-9  |2 MRF 
080 |a 27-788-055.2  |2 MRF 
080 |a 27-788-1/-9  |2 MRF 
080 |a 27-312.8  |2 MRF 
080 |a 2-54  |2 MRF 
080 |a 27-185.57  |2 MRF 
080 |a 27-46  |2 MRF 
080 |a 27  |2 MRF 
080 |a (036)  |2 MRF 
110 2 |a Těšitelky  |7 kn20110722010 
245 1 0 |a Kongregace sester Těšitelek Božského Srdce Ježíšova 
260 |a Rajhrad :  |b Kongregace sester Těšitelek BSJ,  |c [2011?] 
300 |a 30 s. :  |b il. (převážně barev.), portréty, 1 erb ;  |c 21 cm 
610 2 7 |a Těšitelky  |7 kn20110722010  |2 czenas 
648 7 |a 20.-21. století  |7 ch462155  |2 czenas 
650 0 7 |a ženské řeholní kongregace  |7 ph337771  |y 20.-21. stol.  |2 czenas 
650 0 7 |a řeholní život  |7 ph128285  |2 czenas 
650 0 7 |a řeholnice  |7 ph128281  |y 20.-21. stol.  |2 czenas 
650 0 7 |a řeholní spiritualita  |7 ph232634  |2 czenas 
650 0 7 |a utrpení Ježíše Krista  |7 ph138457  |2 czenas 
650 0 7 |a oběť  |7 ph123643  |x křesťanské pojetí  |2 czenas 
650 0 7 |a smíření  |7 ph125729  |x křesťanské pojetí  |2 czenas 
650 0 7 |a charitativní činnost  |7 ph135878  |2 czenas 
650 0 9 |a women's religious congregations  |y 20th-21st centuries  |2 eczenas 
650 0 9 |a monastic life  |2 eczenas 
650 0 9 |a nuns  |y 20th-21st centuries  |2 eczenas 
650 0 9 |a regular spirituality  |2 eczenas 
650 0 9 |a passion of Jesus Christ  |2 eczenas 
650 0 9 |a offering  |x Christian approach  |2 eczenas 
650 0 9 |a reconciliation  |x Christian approach  |2 eczenas 
650 0 9 |a charities  |2 eczenas 
655 7 |a informační publikace  |7 fd132454  |2 czenas 
655 9 |a information publications  |2 eczenas 
910 2 |a BOA001  |b 2-1271.005 
928 9 |a Kongregace sester Těšitelek Božského Srdce Ježíšova 
990 |a BK 
995 |a 01 
991 |b 201108  |c NOV  |e n 
996 6 |b 2610484788  |c 2-1271.005  |l MZK  |r Sklad / do 1 hodiny  |n 4  |p p.v.  |w 001193935  |u 000010  |a 1  |e BOA001  |j MZK50  |s P 
996 7 |b 2610484789  |c 2-1271.005  |l MZK  |r Sklad / do 1 hodiny  |n 3  |p p.v.  |w 001193935  |u 000020  |a 1  |e BOA001  |j MZK50  |s A